Sanat: Maamme - Vårt Land - Statistics

Yleistilastot
  • Tätä visaa on pelattu 57 kertaa
  • Keskiarvotulos 83 / 194
Vastaustilastot
% Oikein
i
100%
o
100%
Och
100%
maa
98%
maamme
98%
Suomi
98%
Ei
94%
ei
94%
kukkulaa,
94%
kultainen.
94%
rakkaampaa
94%
rantaa
94%
sana
94%
soi
94%
isien.
92%
laaksoa,
92%
Oi
92%
synnyinmaa,
92%
kotimaa
90%
pohjoinen,
90%
tää
90%
vettä
90%
vettä,
90%
kallis
88%
kuin
88%
Sun
73%
sun
73%
kukoistukses
69%
kerran
65%
saa
63%
saa.
63%
kerrankin
62%
kuorestaan
62%
puhkeaa.
62%
loistossaan.
56%
Ja
54%
riemus,
54%
vår
54%
Vårt
54%
vårt
54%
kaiun
52%
land,
52%
lempemme
52%
nousemaan,
52%
laulu
50%
toivos,
50%
Viel
48%
korkeemman
42%
synnyinmaan
42%
nord,
31%
Ej
29%
ej
29%
fosterland,
29%
ord!
27%
strand,
27%
en
25%
älskad
23%
än
23%
mer
23%
våra
23%
dal,
21%
dyra
21%
fäders
21%
himlens
21%
högt,
21%
jord.
21%
rand,
21%
Din
19%
din
19%
mot
19%
bygd
17%
höjd
17%
ljud
17%
lyfts
17%
sänks
17%
hopp.
15%
Ditt
13%
ditt
13%
Se,
13%
sköljs
13%
12%
gång
10%
högre
10%
knopp,
10%
sång.
10%
sluten
10%
kärlek
8%
klinga
8%
ljus,
8%
opp
8%
skall
8%
blomming,
6%
fosterländska
6%
sitt
6%
tvång;
6%
ur
6%
fröjd,
4%
glans,
4%
mogna
4%
kilnga
0%
Ehtoja vastaavia visoja ei löytynyt
Tulosjakauma
Jokaisen tuloksen saaneiden osuus
Persentiili vastausten määrän mukaan
Tuloshistoriasi
Et ole pelannut tätä visaa